000 00338nam a2200109Ia 4500
008 231129s9999||||xx |||||||||||||| ||spa||
082 _a986.164 C718s
100 _aColombia. Gobernacion del Caqueta. Secretaria de Planeacion Departamental.
245 0 _aSan Jose del Fragua : monografia
264 _aAlcaldia Municipal
942 _2ddc
_cBKS
999 _c24295
_d24295